000 00202 a2200097 4500
001 4448
100 _aVoorhio,S.N.V
245 _aMicrowave receivers
260 _a
_bMcgrawhill
_c
090 _c3646
_d3646
942 _aNUST-CAE
_cM
_c29402
999 _c239521
_d239521